00717nam a2200241 a 4500001001300000003000900013005001700022008004100039020001000080082001600090100002100106245004100127260006200168300000800230500003500238505001000273650002500283700002100308902000800329942000700337952011600344999001500460nice12345678IN_TiNIC20260116011749.0050524s0000 hyda grp 000 0 eng  ac10000a303.66bRED aReddy, T Lakshma aRegionalism and National Integragion aHyderabadbInst.Of Indo-Middle East Cultural Studiec0000 a37p aincludes index and biblioraphy2 aindex aNational Integration1 aReddy, T Lakshma bSRS cBK 001040708StackRoom-aHMIbHMId2008-03-07g100.00l0o303.66 REDp06312r2008-03-07v100.00w2005-05-24yBK c3784d3784